| 000 | 00412nam a22001457a 4500 | ||
|---|---|---|---|
| 082 |
_a355.31095491 _bREF _cL-31, P-66 |
||
| 100 |
_aHQ 15 Division _948771 |
||
| 245 | _aReference book HQ 15 division | ||
| 260 |
_aSialkot Pakistan _bJamil Press _c1957-58 |
||
| 300 | _a150 p; | ||
| 526 |
_a0 _b0 _c0 _d355_310954910000000_REF |
||
| 526 |
_a0 _b0 _c0 _d355_310954910000000_REF |
||
| 650 |
_aMCE _9379 |
||
| 942 |
_2ddc _cBK |
||
| 999 |
_c551627 _d551627 |
||